Score 0/45 Timer 06:00
0 Plays Today
% Correct
USA
100%
USA
100%
USA
100%
USA
99.5%
Japan
97.4%
China
95.4%
China
95.4%
Denmark
90.3%
Sweden
88.8%
Sweden
88.8%
Norway
88.3%
Germany
88.3%
India
86.7%
India
86.7%
Mexico
86.7%
Finland
86.2%
South Korea
86.2%
South Korea
86.2%
Netherlands
82.7%
Iceland
80.1%
Iceland
80.1%
Iceland
80.1%
Luxembourg
78.6%
% Correct
Singapore
77.6%
Norway
77%
Indonesia
75.5%
South Korea
75%
Switzerland
74%
Saudi Arabia
71.9%
Monaco
71.4%
UAE
71.4%
Liechtenstein
69.9%
Andorra
66.8%
San Marino
66.3%
Qatar
66.3%
Singapore
65.8%
Malaysia
58.2%
Kuwait
56.6%
Ukraine
53.6%
Greece
51%
Bangladesh
46.4%
Moldova
21.9%
Tanzania
14.3%
Trinidad & Tobago
8.7%
Togo
5.6%
Remove Ads.
Support Sporcle.
Get the best of Sporcle when you Go Orange. This ad-free experience offers more features, more stats, and more fun while also helping to support Sporcle. Thank you for becoming a member.

You're not logged in!

Compare scores with friends on all Sporcle quizzes.
OR
Log In

Show Comments

Extras

Top Quizzes Today


Score Distribution

Your Account Isn't Verified!

In order to create a playlist on Sporcle, you need to verify the email address you used during registration. Go to your Sporcle Settings to finish the process.

Report this User

Report this user for behavior that violates our Community Guidelines.

Details: